000 00524nam a2200217Ia 4500
003 OSt
005 20220928135738.0
006 a|||||r|||| 00| 0
007 ta
008 220927b |||||||| |||| 00| 0 eng d
024 _a4764
037 _cTextual
040 _aSDCL
_cSDCL
_beng
041 _2eng
_aeng
082 _aX:545.2'N8, M1
100 _aGupta V P
245 0 _aExport management made easy
260 _c1981
942 _hX:545.2'N8, M1
_cTEXL
_2CC
999 _c808397
_d808397